[Event "Hamar op B"]
[Site "Hamar"]
[Date "2015.11.26"]
[Round "6"]
[White "Haraldstad, Tore"]
[Black "Tostibakken, Odd N"]
[Result "1/2-1/2"]
[WhiteElo "1110"]
[BlackElo "1105"]
[PlyCount "95"]
[EventDate "2015.09.03"]
[EventType "swiss"]
[EventRounds "7"]
[EventCountry "NOR"]
[SourceTitle "EXT 2024"]
[Source "ChessBase"]
[SourceDate "2023.10.10"]
[SourceVersion "1"]
[SourceVersionDate "2023.10.10"]
[SourceQuality "1"]

1. e4 e5 2. Nf3 Nc6 3. Nc3 Nf6 4. Bc4 Bc5 5. d3 0-0 6. Bg5 h6 7. Bh4 d6 8. Nd5 g5 9. Bg3 Bg4 10. c3 Rb8 11. b4 Bb6 12. h3 Bh5 13. a4 a5 14. b5 Na7 15. Nxb6 cxb6 16. h4 g4 17. Nd2 Rc8 18. Qc1 Kg7 19. 0-0 Bg6 20. f4 Nh5 21. Qe1 f6 22. f5 Bf7 23. Kh2 d5 24. exd5 Bxd5 25. Qe2 Kh7 26. Qxg4 Nxg3 27. Qg6+ Kh8 28. Qxh6+ Kg8 29. Kxg3 Rc7 30. Qe3 Rg7+ 31. Kf2 Rxg2+ 32. Ke1 Kh7 33. Rg1 Rfg8 34. Rxg2 Rxg2 35. Bxd5 Qxd5 36. Qe4 Rg1+ 37. Nf1 Qb3 38. Qc4 Qb2 39. Rd1 Rg2 40. Rd2 Qa1+ 41. Rd1 Qb2 42. Nd2 Rg1+ 43. Ke2 Rg2+ 44. Ke3 Qc2 45. Qb3 Rg3+ 46. Kf2 Qxd3 47. Qf7+ Rg7 48. Qh5+ 1/2-1/2

[Event "Hamar op B"]
[Site "Hamar"]
[Date "2015.11.12"]
[Round "5"]
[White "Tostibakken, Odd N"]
[Black "Mouawad, Jad"]
[Result "0-1"]
[WhiteElo "1105"]
[BlackElo "1140"]
[PlyCount "62"]
[EventDate "2015.09.03"]
[EventType "swiss"]
[EventRounds "7"]
[EventCountry "NOR"]
[SourceTitle "EXT 2024"]
[Source "ChessBase"]
[SourceDate "2023.10.10"]
[SourceVersion "1"]
[SourceVersionDate "2023.10.10"]
[SourceQuality "1"]

1. e4 c5 2. Nf3 d6 3. d4 cxd4 4. Nxd4 Nf6 5. Nc3 g6 6. Be2 Bg7 7. 0-0 0-0 8. Bf3 Nc6 9. Re1 e5 10. Ndb5 Ne8 11. Nd5 a6 12. Nbc3 Nd4 13. Be3 Nc7 14. a4 Nxd5 15. Nxd5 Be6 16. c4 Rc8 17. Rc1 Nxf3+ 18. Qxf3 Bxd5 19. cxd5 Qa5 20. b3 f5 21. exf5 Rxc1 22. Rxc1 Rxf5 23. Qe4 b5 24. g4 Rf7 25. axb5 Qxb5 26. b4 Qe2 27. Qc4 Qf3 28. Qc8+ Rf8 29. Qe6+ Rf7 30. Rc8+ Bf8 31. Bh6 Qxf2+ 0-1

[Event "Hamar Ridabu School-ch"]
[Site "Hamar"]
[Date "2015.02.19"]
[Round "4"]
[White "Tostibakken, Odd N"]
[Black "Frydendal, Odd"]
[Result "1/2-1/2"]
[WhiteElo "1051"]
[BlackElo "1342"]
[PlyCount "106"]
[EventDate "2015.01.08"]
[EventType "swiss"]
[EventRounds "9"]
[EventCountry "NOR"]
[SourceTitle "EXT 2024"]
[Source "ChessBase"]
[SourceDate "2023.10.10"]
[SourceVersion "1"]
[SourceVersionDate "2023.10.10"]
[SourceQuality "1"]

1. e4 c5 2. Nf3 d6 3. c3 Nf6 4. d4 cxd4 5. cxd4 Nxe4 6. d5 Bd7 7. Be2 g6 8. Be3 Bg7 9. Bd4 Nf6 10. Nc3 0-0 11. 0-0 Qa5 12. Rc1 Bf5 13. Nb5 Na6 14. Bxa7 Qxa2 15. Bd4 Qa5 16. Bc3 Qd8 17. Re1 Qd7 18. Nbd4 Be4 19. Nc2 Nxd5 20. Bxg7 Kxg7 21. Qd4+ Nf6 22. Bxa6 Bxc2 23. Bxb7 Qxb7 24. Rxc2 Rfc8 25. Rce2 Re8 26. Re3 Ra6 27. h3 e5 28. Qc4 d5 29. Qc2 Rc8 30. Rc3 Rxc3 31. Qxc3 e4 32. Nd4 Rb6 33. b3 Rb4 34. Rd1 Rb6 35. Rb1 Kg8 36. b4 Ne8 37. b5 Nd6 38. Qb3 Nc4 39. Qb4 Qc7 40. Rc1 Qd6 41. Qxd6 Nxd6 42. Rc6 Rxc6 43. bxc6 Kf8 44. c7 Ke8 45. Nb5 Nc8 46. Kf1 f5 47. Ke2 Kd7 48. Ke3 Kc6 49. Nc3 Ne7 50. Kd4 Kxc7 51. Nxd5+ Nxd5 52. Kxd5 Kd7 53. Ke5 Ke7 1/2-1/2

[Event "Hamar op B"]
[Site "Hamar"]
[Date "2014.11.06"]
[Round "5"]
[White "Tostibakken, Odd N"]
[Black "Frydendal, Odd"]
[Result "1-0"]
[WhiteElo "1029"]
[BlackElo "1375"]
[PlyCount "66"]
[EventDate "2014.09.04"]
[EventType "swiss"]
[EventRounds "9"]
[EventCountry "NOR"]
[SourceTitle "EXT 2024"]
[Source "ChessBase"]
[SourceDate "2023.10.10"]
[SourceVersion "1"]
[SourceVersionDate "2023.10.10"]
[SourceQuality "1"]

1. e4 c6 2. d4 d5 3. e5 Bf5 4. Nf3 e6 5. c4 Bb4+ 6. Nc3 h6 7. Be2 Ne7 8. Bd2 Nd7 9. 0-0 dxc4 10. Bxc4 Nb6 11. Bb3 Bd3 12. Re1 Bh7 13. Ne4 Bxe4 14. Rxe4 Bxd2 15. Qxd2 Nbd5 16. a3 Qb6 17. Ba2 0-0-0 18. b4 Rd7 19. Rc1 Kb8 20. Ne1 Qa6 21. Nd3 b6 22. Bb3 Rhd8 23. a4 Nc7 24. b5 Qb7 25. Nb4 cxb5 26. Qd3 Ncd5 27. Bxd5 exd5 28. Re2 Rc8 29. Rec2 Rxc2 30. Rxc2 a5 31. Na2 bxa4 32. Qg3 g6 33. e6+ Ka7 1-0

[Event "Hamar CC-ch"]
[Site "Hamar"]
[Date "2014.03.06"]
[Round "5"]
[White "Tostibakken, Odd N"]
[Black "Orsleie, Sivert Nikolai"]
[Result "1-0"]
[WhiteElo "1008"]
[BlackElo "893"]
[PlyCount "61"]
[EventDate "2014.01.09"]
[EventType "swiss"]
[EventRounds "9"]
[EventCountry "NOR"]
[SourceTitle "EXT 2024"]
[Source "ChessBase"]
[SourceDate "2023.10.10"]
[SourceVersion "1"]
[SourceVersionDate "2023.10.10"]
[SourceQuality "1"]

1. e4 e5 2. Nf3 Nc6 3. Bc4 Nf6 4. Ng5 d5 5. exd5 Nxd5 6. d3 Be7 7. Bxd5 Qxd5 8. 0-0 f6 9. Nc3 Qd7 10. Nge4 f5 11. Ng3 f4 12. Nge4 Qg4 13. Qxg4 Bxg4 14. Bd2 0-0-0 15. f3 Bf5 16. Rae1 Nd4 17. Rc1 Bb4 18. Kf2 Bxe4 19. Nxe4 Bxd2 20. Nxd2 Nf5 21. Nc4 Rhe8 22. Rfe1 Rd5 23. Re2 Nd4 24. Re4 Nc6 25. Rce1 b5 26. Nd2 Nd4 27. c4 bxc4 28. dxc4 Rc5 29. Rxd4 Rd8 30. Rxd8+ Kxd8 31. b4 1-0